000 01946nam a22002657a 4500
003 DO-SdBJH
005 20260703203552.0
008 260703b2025 |||d|||| |||| 00| 0 spa d
040 _aDO-SdBJH
_bspa
_cDO-SdBJH
041 0 _aspa
090 _aCT CM-0024
_bAMBC 2025
100 1 _aUribe Acacio, Leidy Ailin
_esustentante
245 1 0 _aImpacto del 1er batallón de Policía Militar en apoyo a la 1era Brigada de Infantería enfocado a la seguridad ciudadana /
_cLeidy Ailin Uribe Acacio, Yoalmer José Acosta Mejía ; asesor metodológico Reynaldo Cruz Camacho ; asesor de contenido Franklin Hernández Fernández.
260 _aSanto Domingo, República Dominicana :
_bUNADE,
_c2025.
300 _axxii, 86, [04] páginas :
_bgráficas.
502 _aTesis y trabajos de grado (Licenciatura en Ciencias Militares)--Universidad Nacional para la Defensa "General Juan Pablo Duarte y Díez", Academia Militar "Batalla de las Carreras", Santo Domingo, 2025.
504 _aIncluye referencias bibliográficas y anexos.
505 _aOperaciones, actividades y funciones implementadas por la Policía Militar en la 1era Brigada de infantería para mejorar la seguridad ciudadana y reducir la criminalidad -- Influencia de la coordinación entre la policía militar y las organizaciones civiles en apoyo de la seguridad ciudadana -- Impacto de las operaciones, actividades y funciones de la policía militar en la seguridad ciudadana.
650 7 _2lemb
_aPolicía militar
_vTesis y disertaciones académicas
_xSeguridad ciudadana
_xCooperación cívico-militar
_zRepública Dominicana
650 7 _2lemb
_aSeguridad ciudadana
_vTesis y disertaciones académicas
_xParticipación de las fuerzas armadas
_xPrevención del delito
_zRepública Dominicana
700 1 _aAcosta Mejía, Yoalmer José
_esustentante
700 1 _aCruz Camacho, Reynaldo
_easesor metodológico
700 1 _aHernández Fernández, Franklin
_easesor de contenido
942 _2CL
_cT
999 _c8754
_d8754